000
00275nam a2200121Ia 4500
005
20251222155141.0
008
251222s9999||||xx |||||||||||||| ||spa||
082
_a
ADM.80
100
_a
Eduardo Vargas Alvarado
245
0
_a
Medicina Legal
264
_b
Trillas
942
_c
LIB
999
_c
39201
_d
39201